000 00604nam a2200169 a 4500
001 000028900
005 20200930055215.0
008 110412s2007 dr 000 0 spa d
040 _aDO-SdBNP
_bspa
_cBNPHU
110 1 _aRepública Dominicana
_bPoder Judicial
_bSuprema Corte de Justicia
_955712
240 1 0 _a[Leyes, etc]
245 1 0 _aReglamento de los tribunales superiores de tierras y de jurisdicción original de la jurisdicción inmobiliaria /.
250 _a2a ed.
260 _aSanto Domingo :
_bSuprema Corte de Justicia,
_c2007
_fEditora Manatí
300 _a137 p. ;
_c23 cm.
049 _aBNPD
999 _c28392
_d28392